=LDR 00000nam 2200000 4500 =001 INLIS000000000024991 =005 20130612123532 =008 ***********************************Ind** =035 ##$$a0010-061300000024991 =041 ##$$a Ind =082 ##$$a 745 =090 ##$$a 745, Lat m =100 ##$$a Latief, Abdul =245 ##$$a Membuat aneka kreasi dari sabun, Abdul latief =260 ##$$a 2002 $b Jakarta =300 ##$$a 68 hlm, ilus, 21 cm =650 ##$$a Kreasi sabun =850 ##$$a NBPNMAT =990 ##$$a 21400613/BPAP-NTB/20142014